Профессор А.Ф. Притула (1883-1938) (Запись № 1412049)

Подробности
000 -МАРКЕР
контрольное поле 02486nam0a2200409 4500
001 - ИДЕНТИФИКАТОР ЗАПИСИ
контрольное поле RU\NLR\bibl\850852
005 - ИДЕНТИФИКАТОР ВЕРСИИ
контрольное поле 20250614151926.0
021 ## - НОМЕР ГОСУДАРСТВЕННОЙ РЕГИСТРАЦИИ
Код страны российская федерация
Номер 2005-24348
Номер Листа государственной регистраци 1232
035 ## - ДРУГИЕ СИСТЕМНЫЕ НОМЕРА
Идентификатор записи (nilc)RSL-KNO-002598715
035 ## - ДРУГИЕ СИСТЕМНЫЕ НОМЕРА
Идентификатор записи (NLR Aleph) 000839603
100 ## - ДАННЫЕ ОБЩЕЙ ОБРАБОТКИ
Данные общей обработки 20050505d2005 |||y0rusy50 ca
101 0# - ЯЗЫК РЕСУРСА
Язык текста, звукозаписи и т.д. русский
102 ## - СТРАНА ПУБЛИКАЦИИ ИЛИ ПРОИЗВОДСТВА
Страна публикации российская федерация
105 ## - ПОЛЕ КОДИРОВАННЫХ ДАННЫХ: ТЕКСТОВЫЕ МАТЕРИАЛЫ, МОНОГРАФИЧЕСКИЕ
Кодированные данные о монографическом текстовом документе a |||||||||
106 ## - ПОЛЕ КОДИРОВАННЫХ ДАННЫХ: ТЕКСТОВЫЕ РЕСУРСЫ – ФОРМА
Форма ресурса: кодированные данные: обозначение носителя r
200 1# - ЗАГЛАВИЕ И СВЕДЕНИЯ ОБ ОТВЕТСТВЕННОСТИ
Основное заглавие Профессор А.Ф. Притула (1883-1938)
Сведения, относящиеся к заглавию для Рос. гос. ун-та нефти и газа им. И.М. Губкина М-ва образования и науки Рос. Федерации
Первые сведения об ответственности В.В. Притула, А.В. Черникин
Последующие сведения об ответственности [Фак. проектирования, сооружения и эксплуатации систем трубопровод. трансп.]
210 ## - ПУБЛИКАЦИЯ, РАСПРОСТРАНЕНИЕ И ДР.
Место издания, распространения и т.д. М.
Имя издателя, распространителя и т. д. Изд. Прпитула В.В., Черникин А.В.
Дата издания, распространения и т.д. 2005
Имя изготовителя ПИК ВИНИТИ
215 ## - ФИЗИЧЕСКАЯ ХАРАКТЕРИСТИКА
Специфическое обозначение материала и объем 46 с.
Другие сведения о физической характеристике ил., портр., факс.
Размеры 21
225 1# - СЕРИЯ
Основное заглавие серии Выдающиеся ученые РГУ нефти и газа им. И.М. Губкина
Обозначение тома Вып. М.
300 ## - ОБЩИЕ ПРИМЕЧАНИЯ
Текст примечания В конце кн. авт.: Притула В.В. - д.т.н., проф., д.чл. Жилищ.-куммун. акад. РФ, чл.-кор. Рос. акад. естеств. наук, засл. работник нефт. и газ. пром-сти Рос. Федерации, Черникин А.В. - к.т.н., доц.
300 ## - ОБЩИЕ ПРИМЕЧАНИЯ
Текст примечания На обл. авт. не указаны
300 ## - ОБЩИЕ ПРИМЕЧАНИЯ
Текст примечания На тит.л.: К 75-летию РГУ нефти и газа им. И. М. Губкина
600 #1 - ИМЯ ЛИЦА КАК ПРЕДМЕТ
Начальный элемент ввода Притула
Часть имени, кроме начального элемента ввода А.Ф.
Даты 1883 - 1938
Расширение инициалов личного имени Александр Фомич
Системный номер авторитетной/нормативной записи 2394175
Идентификатор авторитетной/нормативной записи RU\NLR\auth\661427545
610 0# - НЕКОНТРОЛИРУЕМЫЕ ПРЕДМЕТНЫЕ ТЕРМИНЫ
Предметный термин Транспорт -- Трубопроводный транспорт -- Притула Александр Фомич (1883-1938) - специалист в области трубопроводного транспорта
686 ## - ИНДЕКСЫ ДРУГИХ КЛАССИФИКАЦИЙ
Индекс О7д(2)Притула А.Ф.,0
Код системы
686 ## - ИНДЕКСЫ ДРУГИХ КЛАССИФИКАЦИЙ
Индекс И361д(2)Притула
700 #1 - ИМЯ ЛИЦА - ПЕРВИЧНАЯ ОТВЕТСТВЕННОСТЬ
Код отношения Автор
Графика поля Кириллица
Материалы, к которым относится поле rus
Начальный элемент ввода Притула
Часть имени, кроме начального элемента ввода В. В.
Даты 1937-2015
Расширение инициалов личного имени Всеволод Всеволодович
Системный номер авторитетной/нормативной записи 271672
Идентификатор авторитетной/нормативной записи RU\NLR\AUTH\770271728
701 #1 - ИМЯ ЛИЦА - АЛЬТЕРНАТИВНАЯ ОТВЕТСТВЕННОСТЬ
Начальный элемент ввода Черникин
Часть имени, кроме начального элемента ввода А. В.
Расширение инициалов личного имени Алексей Вадимович
Код отношения Автор
801 #0 - ИСТОЧНИК ЗАПИСИ
Страна российская федерация
Организация RuMoRKP
Дата составления 20050505
801 #1 - ИСТОЧНИК ЗАПИСИ
Страна российская федерация
Организация RuMoRGB
Дата составления 20050505
801 #2 - ИСТОЧНИК ЗАПИСИ
Страна российская федерация
Организация NLR
Дата составления 20051010
Правила каталогизации rcr
830 ## - ОБЩЕЕ ПРИМЕЧАНИЕ, СОСТАВЛЕННОЕ КАТАЛОГИЗАТОРОМ
Текст примечания Авт. по кн.
942 ## - ДОПОЛНИТЕЛЬНЫЕ ЭЛЕМЕНТЫ ЗАПИСИ (АБИС)
Тип экземпляра АБИС Книга
980 ## - КОЛЛЕКЦИЯ
Название коллекции Национальная библиография
Экземпляры
Тип экземпляра Дата поступления Источник поступления Библиотека постоянного хранения Библиотека текущего хранения Место хранения Шифр хранения Штрих-код Статус не для выдачи
Книга 10.10.2005 Обязательный экземпляр РНБ (Московский) РНБ (Московский) Русский книжный фонд: издания с 1957 года, 3этаж 2005-4/38600 2011496  
Книга 10.10.2005 Обязательный экземпляр РНБ (Московский) РНБ (Московский) Русский книжный фонд: издания с 1957 года, 3этаж 2005-4/38600 2011497